Geography Multiple-Choice #3 - Statistics

General Stats
  • This quiz has been taken 36 times
  • The average score is 9 of 10
Answer Stats
Question Answer % Correct
Which of the following countries use the Euro? Austria
100%
Which of the following countries has Portuguese as the primary language? Brazil
100%
Which of the following countries is in Africa? Morocco
100%
Which of the following is a desert in Africa? Namib
100%
Which of the following is a city in Russia? Novosibirsk
100%
Which of the following rivers is directly connected to the Pacific Ocean? Yellow
100%
Which of the following was on the NATO Alliance during the Cold War? France
75%
Which of the following countries has not been colonized by Britain before? Japan
75%
Which of the following countries isn't an island country? Myanmar
75%
Which of the following countries border China? Afghanistan
25%
No matching quizzes found
Score Distribution
Percent of People with Each Score
Percentile by Number Answered
Your Score History
You have not taken this quiz